| Tag |
First Indicator |
Second Indicator |
Subfields |
| LEADER |
00000cam a2200000Ia 4500 |
| 001 |
in00001847921 |
| 005 |
20220105141241.0 |
| 006 |
m d |
| 007 |
cr cn- |
| 008 |
031010s2003 nyua sb 001 0 eng d |
| 020 |
|
|
|a 0203403363 (electronic bk.)
|
| 035 |
|
|
|a (OCoLC)ocm53178087
|
| 040 |
|
|
|a N$T
|c N$T
|d OCL
|d UtOrBLW
|
| 043 |
|
|
|a n-us---
|
| 049 |
|
|
|a IICC
|
| 050 |
1 |
4 |
|a JK271
|b .G727 2003eb
|
| 082 |
0 |
4 |
|a 320.473
|2 22
|
| 100 |
1 |
|
|a Grant, Alan R.
|0 http://id.loc.gov/authorities/names/n85244444
|
| 245 |
1 |
4 |
|a The American political process /
|c Alan Grant.
|
| 250 |
|
|
|a 7th ed.
|
| 264 |
|
1 |
|a New York, NY :
|b Routledge,
|c 2003.
|
| 300 |
|
|
|a x, 325 pages :
|b illustrations
|
| 336 |
|
|
|a text
|b txt
|2 rdacontent
|
| 337 |
|
|
|a computer
|b c
|2 rdamedia
|
| 338 |
|
|
|a online resource
|b cr
|2 rdacarrier
|
| 500 |
|
|
|a "This edition published in the Taylor & Francis e-Library, 2003" -- Title page verso.
|
| 500 |
|
|
|a "Seventh edition published 2004 by Routledge"--Title page verso.
|
| 504 |
|
|
|a Includes bibliographical references (pages 281-290) and index.
|
| 533 |
|
|
|a Electronic reproduction.
|b Boulder, Colo. :
|c NetLibrary,
|d 2003.
|n Available via World Wide Web.
|n Access may be limited to NetLibrary affiliated libraries.
|
| 500 |
|
|
|a Electronic resource.
|
| 651 |
|
0 |
|a United States
|x Politics and government.
|0 http://id.loc.gov/authorities/subjects/sh85140410
|
| 655 |
|
7 |
|a Electronic books.
|2 local
|
| 710 |
2 |
|
|a NetLibrary, Inc.
|0 http://id.loc.gov/authorities/names/no99080690
|
| 776 |
1 |
|
|c Original
|z 0415288207
|z 0415288215
|z 0203412095
|w (DLC) 2003005179
|w (OCoLC)51817584
|
| 856 |
4 |
1 |
|u https://proxy.library.tamu.edu/login?url=http://www.netLibrary.com/urlapi.asp?action=summary&v=1&bookid=93335
|z Connect to the full text of this electronic book
|t 0
|
| 994 |
|
|
|a 92
|b IIC
|
| 999 |
|
|
|a MARS
|
| 999 |
f |
f |
|s 91035d29-daac-3012-b57c-6005393bcad4
|i 7d973dd1-b646-3873-8922-4648f05fe832
|t 0
|
| 952 |
f |
f |
|a Texas A&M University
|b College Station
|c Electronic Resources
|d Available Online
|t 0
|e JK271 .G727 2003eb
|h Library of Congress classification
|
| 998 |
f |
f |
|a JK271 .G727 2003eb
|t 0
|l Available Online
|